Least Populated Capital Cities A - Z - Statistics

General Stats
  • This quiz has been taken 142 times
    24 since last reset
  • The average score is 12 of 24
Answer Stats
Letter Population Capital City % Correct
V 826 Vatican City
90%
U 1.5 m Ulaanbaatar
81%
Z 685 k Zagreb
81%
A 22 k Andorra la Vella
76%
F 7 k Funafuti
71%
Q 1.8 m Quito
67%
S 4.4 k San Marino
67%
Y 900 Yaren
67%
W 411 k Wellington
62%
I 1 m Islamabad
52%
N 318 Ngerulmud
52%
R 14 k Roseau
52%
L 119 k Luxembourg
48%
G 110 k Georgetown
43%
H 81 k Honiara
43%
P 7 k Palikir
43%
M 30 k Majuro
38%
O 1 m Oslo
38%
J 369 k Juba
33%
K 26 k Kingstown
33%
D 261 k Dodoma
29%
B 14 k Basseterre
24%
T 203 k Thimphu
24%
C 2 k Ciudad de la Paz
0%
No matching quizzes found
Score Distribution
Percent of People with Each Score
Percentile by Number Answered
Your Score History
You have not taken this quiz since the last reset